[Event "KSA SSS 10/11,Hostivice-Uholicky"]
[Site "ChessDB.cz"]
[Date "2011.01.09"]
[Round "-"]
[White "Jilemnicky, Jaromir"]
[Black "Dbaly, Vaclav"]
[Result "0-1"]
[WhiteElo "1553"]
[BlackElo "1825"]
1. Nf3 d5 2. g3 g6 3. Bg2 Bg7 4. O-O Nf6 5. d3 O-O 6. Nbd2 c6 7. Rb1 Nbd7 8. b3 Re8 9. Bb2 e5 10. e3 Qc7 11. c4 Qa5 12. a4 Bf8 13. Qc2 Bd6 14. Bc3 Bb4 15. Rfc1 e4 16. Bxb4 Qxb4 17. dxe4 dxc4 18. Qxc4 Qxc4 19. Rxc4 Nb6 20. Rd4 Be6 21. Ng5 c5 22. Rd3 Red8 23. Rxd8+ Rxd8 24. Rb2 Bc8 25. e5 Nfd5 26. Nde4 h6 27. Nf3 Nb4 28. Nd6 Be6 29. Rb1 Bd5 30. Nd2 Bxg2 31. Kxg2 N6d5 32. N2e4 b6 33. Kf3 Nc6 34. Nc4 Ndb4 35. Ke2 Rd3 36. f4 Kg7 37. Ncd2 Ne7 38. Nf2 Rd8 39. Rd1 Ned5 40. Nde4 Nc6 41. Rd2 Ndb4 42. Rxd8 Nxd8 43. Nd3 Nbc6 44. Kd2 Nb7 45. Kc3 Ne7 46. Nd6 Na5 47. Nb2 Nd5+ 48. Kd3 Nxb3 49. Kc4 Nxe3+ 50. Kxb3 Nf1 51. Kc4 a6 52. Kd5 b5 53. Kxc5 bxa4 54. Nxa4 Nxh2 55. Ne4 Nf3 56. Kb6 g5 57. Nb2 Kg6 58. Nd3 gxf4 59. gxf4 Nd4 60. Ng3 h5 61. Nf2 h4 62. Ne2 Nxe2 63. Nh3 Kf5 0-1

[Event "KA"]
[Site "ChessDB.cz"]
[Date "2006.03.05"]
[Round "-"]
[White "Dbaly, Vaclav"]
[Black "Bargel, Martin"]
[Result "0-1"]
[WhiteElo "1827"]
[BlackElo "2102"]
1. e4 c5 2. Nf3 d6 3. d4 cxd4 4. Nxd4 Nf6 5. Nc3 g6 6. Be3 Bg7 7. Be2 O-O 8. O-O Nc6 9. Qd2 Bd7 10. Rad1 Rc8 11. Bh6 Nxd4 12. Bxg7 Nxe2+ 13. Qxe2 Kxg7 14. e5 dxe5 15. Qxe5 Qc7 16. Qxe7 Rfe8 17. Qb4 Qc5 18. Qf4 Bf5 19. h3 Bxc2 20. Rc1 Qf5 21. Qd4 b6 22. Rfe1 Rcd8 23. Qh4 g5 24. Qg3 Nh5 25. Rxe8 Rxe8 26. Qc7 Nf4 27. Qc4 Bd3 28. Qd4+ Qe5 29. Qd7 Re7 30. Qd8 Rc7 31. g3 Nxh3+ 32. Kg2 Bf5 33. Rd1 g4 34. Rd5 Qe1 35. Rd1 Qxf2+ 36. Kh1 Rxc3 0-1

[Event "KA"]
[Site "ChessDB.cz"]
[Date "2006.02.19"]
[Round "-"]
[White "Dbaly, Vaclav"]
[Black "Vajcner, Jiri"]
[Result "1-0"]
[WhiteElo "1827"]
[BlackElo "1932"]
1. e4 e5 2. Nf3 Nf6 3. Nc3 Nc6 4. Bc4 Be7 5. O-O O-O 6. d4 exd4 7. Nxd4 Nxd4 8. Qxd4 d6 9. Bg5 Bd7 10. Rad1 Qc8 11. f4 Bg4 12. Rde1 Bd8 13. f5 c6 14. Kh1 b5 15. Bd3 Bh5 16. Qxd6 Ne8 17. Qg3 f6 18. Be3 Bc7 19. Qh4 Bf7 20. Rf3 Bc4 21. Rh3 Bxd3 22. Qxh7+ Kf7 23. Qg6+ Ke7 24. Bc5+ Bd6 25. Bxd6+ Kxd6 26. Rxd3+ Kc7 27. Qg3+ Kb7 28. Red1 Rf7 29. Qe3 Nc7 30. Ne2 Re7 31. Qd4 Qe8 32. Ng3 Qf7 33. Rc3 Rc8 34. h3 Na8 35. a4 a6 36. a5 Rcc7 37. Rdd3 Red7 38. Qc5 Qe7 39. Rxd7 Qxd7 40. Rd3 Qe7 41. Rd6 Rc8 42. Kg1 Qc7 43. b4 Rd8 44. Rxd8 Qxd8 45. Ne2 Qd1+ 46. Kf2 Qd2 47. h4 Nc7 48. c3 Qd7 49. Nd4 Na8 50. g3 Qc7 51. Ne6 Qd7 52. Qd4 Qe7 53. Ke3 g6 54. Nc5+ Kc8 55. fxg6 Nc7 56. Qd7+ 1-0

[Event "KA"]
[Site "ChessDB.cz"]
[Date "2006.02.05"]
[Round "-"]
[White "Dbaly, Vaclav"]
[Black "Hurka, Jiri"]
[Result "1-0"]
[WhiteElo "1827"]
[BlackElo "1800"]
1. e4 e5 2. Nf3 Nc6 3. Bb5 a6 4. Bxc6 dxc6 5. O-O Bg4 6. d3 Nf6 7. Be3 Bd6 8. Nbd2 O-O 9. a3 Qd7 10. Bg5 h6 11. Bxf6 gxf6 12. Qe1 Kh7 13. Nh4 Rg8 14. f3 Be6 15. Kh1 h5 16. Nc4 Rg5 17. Ne3 Rag8 18. Nef5 Bxf5 19. exf5 Bc5 20. Qe4 Qd4 21. c3 Qxe4 22. dxe4 Rd8 23. Rad1 Rgg8 24. g3 a5 25. Kg2 Be3 26. Rfe1 Bg5 27. Kh3 Bxh4 28. Kxh4 Kh6 29. h3 b6 30. g4 hxg4 31. fxg4 c5 32. Kg3 c4 33. Kf3 Kg5 34. h4+ Kh6 35. Rg1 a4 36. Ke2 b5 37. g5+ fxg5 38. hxg5+ Kh5 39. Rxd8 Rxd8 40. g6 fxg6 41. Rxg6 Rd6 42. Rg7 Rc6 43. Re7 Rc5 44. Re6 Kg5 45. Kf3 Kh5 46. f6 Kg6 47. Kg4 b4 48. axb4 Rb5 49. Rc6 Rb7 50. f7+ Kxf7 51. Kf5 Ke7 52. Kxe5 Kd7 53. Rh6 Ra7 54. Kd5 a3 55. bxa3 Rxa3 56. Rh7+ Kc8 57. Kxc4 Ra6 58. e5 Kb7 59. Kd5 Rg6 60. c4 Kb6 61. c5+ 1-0

[Event "KA"]
[Site "ChessDB.cz"]
[Date "2005.12.11"]
[Round "-"]
[White "Koci, Vaclav"]
[Black "Dbaly, Vaclav"]
[Result "0-1"]
[WhiteElo "1861"]
[BlackElo "1827"]
1. f4 d5 2. e3 Nf6 3. Nf3 c5 4. Be2 e6 5. O-O Be7 6. d4 O-O 7. c3 Bd7 8. Ne5 a6 9. Bd3 Bb5 10. Bxb5 axb5 11. dxc5 Bxc5 12. b4 Ba7 13. Qd3 Qb6 14. Na3 Nc6 15. Nf3 Ne4 16. Nxb5 Bb8 17. a4 Ne7 18. c4 Nf6 19. c5 Qd8 20. Bb2 Ne4 21. Nd2 Nxd2 22. Qxd2 Nc6 23. Nd4 Qd7 24. Qc3 f6 25. Nxc6 bxc6 26. Qb3 Ba7 27. Rfd1 Rab8 28. Rac1 Qe7 29. Qc3 Rb7 30. Ba3 Rc8 31. Kh1 Qe8 32. Qd3 Bb8 33. Rf1 e5 34. Rb1 Rd8 35. Rbe1 d4 36. exd4 Qh5 37. Qb3+ Kh8 38. dxe5 fxe5 39. Qe6 exf4 40. Rf3 Be5 41. h3 Re8 42. Rxf4 g5 43. Rf8+ Rxf8 44. Qxe5+ Kg8 45. Bb2 Qh6 46. Qh8+ Kf7 47. Qe5 Rxb4 48. Qe7+ Kg8 49. Re6 Rf1+ 50. Kh2 Qf8 51. Qxg5+ Kf7 52. Qe5 Qb8 53. Qxb8 Rxb8 54. Re2 Rf5 55. Bd4 Rb4 56. Be5 Rxa4 57. Bd6 h5 58. Re7+ Kf6 59. Re2 h4 60. Be7+ Kf7 61. Bd6 Rf1 62. g3 hxg3+ 63. Kxg3 Ra8 64. Re7+ Kf6 65. Re2 Rg8+ 66. Kh2 Rgg1 67. Be7+ Kf5 68. Bd6 Rh1+ 69. Kg2 Rfg1+ 70. Kf2 Rd1 71. Kg2 Rhg1+ 72. Kh2 Rg8 73. Rf2+ Ke4 74. Ra2 Ke3 75. Ra3+ Rd3 76. Rxd3+ Kxd3 77. h4 Ke4 78. Kh3 Kf5 79. Be7 Rg1 80. Kh2 Rg7 81. Bd6 Kg4 82. Bg3 Kf3 83. Bd6 Rg4 84. Kh3 Re4 85. h5 Re1 86. Kh4 Rg1 87. h6 Ke4 88. Kh5 Kf5 89. Kh4 Rh1+ 90. Kg3 Rxh6 91. Kf3 Rh3+ 92. Bg3 Rxg3+ 93. Kxg3 Ke5 94. Kf3 Kd5 95. Ke3 Kxc5 96. Kd3 Kb4 97. Kc2 Kc4 98. Kc1 Kd3 99. Kd1 c5 100. Kc1 c4 101. Kb1 Kd2 102. Kb2 c3+ 0-1

[Event "KA"]
[Site "ChessDB.cz"]
[Date "2005.11.27"]
[Round "-"]
[White "Kopecky, Jiri"]
[Black "Dbaly, Vaclav"]
[Result "1-0"]
[WhiteElo "1986"]
[BlackElo "1827"]
1. e4 d6 2. d4 Nf6 3. Nc3 g6 4. Be3 Bg7 5. Qd2 c6 6. Nf3 b5 7. Bd3 O-O 8. Bh6 Nbd7 9. Bxg7 Kxg7 10. e5 Ng8 11. h4 f6 12. h5 dxe5 13. hxg6 hxg6 14. O-O-O exd4 15. Nxd4 Ne5 16. Qf4 Qd6 17. Qh4 Rf7 18. Be4 Qc7 19. Ndxb5 Qb6 20. Na4 Qa5 21. b4 g5 22. Qh8+ 1-0

[Event "KA"]
[Site "ChessDB.cz"]
[Date "2005.10.30"]
[Round "-"]
[White "Dbaly, Vaclav"]
[Black "Silhan, Petr"]
[Result "0-1"]
[WhiteElo "1827"]
[BlackElo "1860"]
1. e4 c5 2. Nf3 d6 3. d4 cxd4 4. Nxd4 Nf6 5. Nc3 a6 6. h3 e6 7. Be3 Be7 8. Be2 O-O 9. O-O b5 10. a3 Bb7 11. Bf3 Nbd7 12. Bg5 Ne5 13. Re1 Qb6 14. Be3 Qc7 15. Bg5 Rfd8 16. Qc1 Rac8 17. Bd1 Nc4 18. f3 Qc5 19. Be3 Nxe3 20. Qxe3 Nh5 21. Nb3 Qe5 22. Rf1 Bg5 23. Qd3 Nf4 24. Qd4 Nxh3+ 25. Kh1 Qxd4 26. Nxd4 Nf4 27. g3 Bf6 28. Ncxb5 axb5 29. Nxb5 Ba6 30. a4 Nh5 31. Rg1 Bxb2 32. Rb1 Bc3 33. f4 Nf6 34. Bf3 Kf8 35. g4 d5 36. e5 Ne4 37. Bxe4 dxe4 38. Nd6 Rb8 0-1